[Event "RSA-ch Seniors"]
[Site "Cape Town"]
[Date "2024.03.26"]
[Round "2"]
[White "Danisa, Cyril T"]
[Black "Ohlson, Cecil"]
[Result "1/2-1/2"]
[WhiteElo "1852"]
[BlackElo "1729"]
[PlyCount "102"]
[EventDate "2024.03.25"]
[EventType "tourn"]
[EventRounds "11"]
[EventCountry "RSA"]
[SourceTitle "CB14_2024"]
[SourceDate "2024.04.01"]
[SourceVersion "1"]
[SourceVersionDate "2024.04.01"]
[SourceQuality "1"]

1. e4 d6 2. d4 Nf6 3. Nc3 c6 4. Nf3 Qa5 5. Bd3 e5 6. 0-0 Be7 7. Bd2 Qc7 8. Ne2 Bg4 9. dxe5 dxe5 10. Ng3 0-0 11. h3 Bd7 12. Qe2 b5 13. Rad1 Na6 14. c3 Nc5 15. Bc2 Be6 16. b3 a5 17. Ng5 Bd7 18. Be3 h6 19. Nf3 Be6 20. Rd2 a4 21. c4 axb3 22. axb3 Ra3 23. Bxc5 Bxc5 24. Rfd1 b4 25. Nh4 Kh7 26. Rd3 g6 27. Nf3 Ra2 28. R3d2 Rfa8 29. Kh2 Nd7 30. Nf1 Nf8 31. g4 f5 32. gxf5 gxf5 33. Ng3 f4 34. Nf5 Nd7 35. N3h4 Nf6 36. Rg1 Bxf5 37. Nxf5 Rg8 38. Rdd1 Raa8 39. Rxg8 Rxg8 40. Rg1 Qf7 41. Rxg8 Qxg8 42. Qf3 Qg5 43. Qg2 Bf8 44. Qxg5 hxg5 45. f3 c5 46. Bd1 Nd7 47. h4 gxh4 48. Kh3 Nb8 49. Kxh4 Kg6 50. Kg4 Nc6 51. Nh4+ Kf6 1/2-1/2

[Event "RSA-ch Seniors"]
[Site "Cape Town"]
[Date "2019.12.17"]
[Round "11"]
[White "Meiboom, Gerrit"]
[Black "Ohlson, Cecil"]
[Result "0-1"]
[WhiteElo "1720"]
[BlackElo "1564"]
[PlyCount "50"]
[EventDate "2019.12.07"]
[EventType "tourn"]
[EventRounds "11"]
[EventCountry "RSA"]
[SourceTitle "EXT 2021"]
[Source "ChessBase"]
[SourceDate "2020.10.23"]
[SourceVersion "1"]
[SourceVersionDate "2020.10.23"]
[SourceQuality "1"]

1. e4 e5 2. Nf3 Nc6 3. d4 exd4 4. Nxd4 Nf6 5. Nxc6 bxc6 6. e5 Qe7 7. Qe2 Nd5 8. c4 Ba6 9. b3 g6 10. Bb2 Bg7 11. Nd2 Nb4 12. Nf3 c5 13. g3 Bb7 14. Bg2 0-0 15. 0-0 f5 16. Qd2 Rae8 17. a3 Na6 18. Rfe1 f4 19. gxf4 Rf5 20. Ng5 Bxg2 21. Kxg2 Nb8 22. Rad1 Ref8 23. Re4 h6 24. Nh3 Qh4 25. Qe3 Qg4+ 0-1